Histories; Vol.2

Đã lưu trong:
Sonraí Bibleagrafaíochta
Príomhúdar: Shakespeare
Formáid: Leabhar
Teanga:Undetermined
Foilsithe: London Everyman's Library 1994
Ábhair:
Clibeanna: Cuir Clib Leis
Gan Chlibeanna, Bí ar an gcéad duine leis an taifead seo a chlibeáil!
Thư viện lưu trữ: Trung tâm Học liệu Trường Đại học Cần Thơ
LEADER 00477nam a2200181Ia 4500
001 CTU_40045
008 210402s9999 xx 000 0 und d
082 |a 822.33 
082 |b S527h/Vol.2 
100 |a Shakespeare 
245 0 |a Histories; Vol.2 
245 0 |c Shakespeare 
260 |a London 
260 |b Everyman's Library 
260 |c 1994 
650 |a english drama - 16th century 
904 |i Minh, 001221 
980 |a Trung tâm Học liệu Trường Đại học Cần Thơ